000 00359nam a2200133Ia 4500
008 220216s9999 xx 000 0 und d
100 _aPeries O S
245 0 _aStudies on the relationship between weather and incidence of leaf diseases of Hevea
260 _bPlanter
_c1979
300 _a158-169
650 _aHevea
650 _aLeaf disease
942 _cJS
999 _c69730
_d69730